Detalles MARC
| 000 -CABECERA |
| campo de control de longitud fija |
02454nam a2200421 a 4500 |
| 001 - NÚMERO DE CONTROL |
| campo de control |
000031460 |
| 005 - FECHA Y HORA DE LA ÚLTIMA TRANSACCIÓN |
| campo de control |
20200930062939.0 |
| 008 - DATOS DE LONGITUD FIJA--INFORMACIÓN GENERAL |
| campo de control de longitud fija |
150130s2010 dr abc 000 0 spa d |
| 020 ## - NÚMERO INTERNACIONAL ESTÁNDAR DEL LIBRO |
| Número Internacional Estándar del Libro |
9789945444034 (v. 1) |
| 020 ## - NÚMERO INTERNACIONAL ESTÁNDAR DEL LIBRO |
| Número Internacional Estándar del Libro |
9789945444042 (v. 2) |
| 020 ## - NÚMERO INTERNACIONAL ESTÁNDAR DEL LIBRO |
| Número Internacional Estándar del Libro |
9789945444050 (v. 3) |
| 020 ## - NÚMERO INTERNACIONAL ESTÁNDAR DEL LIBRO |
| Número Internacional Estándar del Libro |
9789945444069 (v. 4) |
| 020 ## - NÚMERO INTERNACIONAL ESTÁNDAR DEL LIBRO |
| Número Internacional Estándar del Libro |
99454444077 (v. 5) |
| 020 ## - NÚMERO INTERNACIONAL ESTÁNDAR DEL LIBRO |
| Número Internacional Estándar del Libro |
9789945444085 (v. 6) |
| 020 ## - NÚMERO INTERNACIONAL ESTÁNDAR DEL LIBRO |
| Número Internacional Estándar del Libro |
9789945444093 (v. 7) |
| 040 ## - FUENTE DE LA CATALOGACIÓN |
| Centro catalogador/agencia de origen |
DO-SdBNP |
| Lengua de catalogación |
spa |
| Centro/agencia transcriptor |
BNPHU |
| 082 ## - NÚMERO DE LA CLASIFICACIÓN DECIMAL DEWEY |
| Número de clasificación |
xxxx |
| Número de documento/Ítem |
xxxx |
| 100 1# - ENTRADA PRINCIPAL--NOMBRE DE PERSONA |
| Nombre de persona |
De la Rosa, María del Jesús |
| 9 (RLIN) |
31229 |
| 245 10 - MENCIÓN DE TÍTULO |
| Título |
Matemática : |
| Resto del título |
educación básica / |
| Mención de responsabilidad, etc. |
María del Jesús de la Rosa, Francisca Antonia Medrano ; ilustraciones Ramón Sandoval. |
| 250 ## - MENCIÓN DE EDICIÓN |
| Mención de edición |
2a. ed. rev. y actualizada |
| 260 ## - PUBLICACIÓN, DISTRIBUCIÓN, ETC. |
| Lugar de publicación, distribución, etc. |
Santo Domingo : |
| Nombre del editor, distribuidor, etc. |
Actualidad Escolar 2000, |
| Fecha de publicación, distribución, etc. |
2010. |
| 300 ## - DESCRIPCIÓN FÍSICA |
| Extensión |
8 v. : |
| Otras características físicas |
il., retrs. ; |
| Dimensiones |
28 cm. |
| 490 1# - MENCIÓN DE SERIE |
| Mención de serie |
Sigma |
| 500 ## - NOTA GENERAL |
| Nota general |
educación primaria |
| 500 ## - NOTA GENERAL |
| Nota general |
cada volumen trae el "Libro del maestro. |
| 500 ## - NOTA GENERAL |
| Nota general |
La biblioteca solamente posee el libro del maestro de los volumenes 2, 3,4, y 6. |
| 500 ## - NOTA GENERAL |
| Nota general |
La biblioteca solamente posee los volumenes 1, 2, 3, 4, 6 y 7. |
| 505 1# - NOTA DE CONTENIDO CON FORMATO |
| Nota de contenido con formato |
v. 1 : |
| Información miscelánea |
unidad 1 -- |
| Título |
A jugar -- |
| Información miscelánea |
unidad 2 -- |
| Título |
Un paisaje natural -- |
| Información miscelánea |
unidad 3 -- |
| Título |
Vamos de compras -- |
| Información miscelánea |
unidad 4 -- |
| Título |
Visitando el museo -- |
| Información miscelánea |
unidad 5 -- |
| Título |
¡Feliz cumpleaños! -- |
| 505 1# - NOTA DE CONTENIDO CON FORMATO |
| Nota de contenido con formato |
v. 2 : |
| Información miscelánea |
unidad 1 -- |
| Título |
La ciudad -- |
| Información miscelánea |
unidad 2 -- |
| Título |
Mi deporte favorito -- |
| Información miscelánea |
unidad 3 -- |
| Título |
De visita en el banco -- |
| Información miscelánea |
unidad 4 -- |
| Título |
La plaza comercial -- |
| 505 1# - NOTA DE CONTENIDO CON FORMATO |
| Nota de contenido con formato |
v. 3 : |
| Información miscelánea |
unidad 1 -- |
| Título |
Una ciudad -- |
| Información miscelánea |
unidad 2 -- |
| Título |
Cuento y mido -- |
| Información miscelánea |
unidad 3 -- |
| Título |
Cuento, mido e interpreto -- |
| 505 1# - NOTA DE CONTENIDO CON FORMATO |
| Nota de contenido con formato |
v. 4 : |
| Información miscelánea |
unidad 1 -- |
| Título |
Parque nacional submarino de La Caleta -- |
| Información miscelánea |
unidad 2 -- |
| Título |
Monumento nacional Isla Catalina -- |
| Información miscelánea |
unidad 3 -- |
| Título |
Monumento natural Loma Isabela de Torres -- |
| Información miscelánea |
unidad 4 -- |
| Título |
La Isla Saona -- |
| Información miscelánea |
unidad 5 -- |
| Título |
Isla Beata -- |
| 505 1# - NOTA DE CONTENIDO CON FORMATO |
| Nota de contenido con formato |
v. 5 : |
| Información miscelánea |
unidad 1 -- |
| Título |
Los mapas -- |
| Información miscelánea |
unidad 2 -- |
| Título |
Ruta de la historia -- |
| Información miscelánea |
unidad 3 -- |
| Título |
El agua: recurso vital -- |
| Información miscelánea |
unidad 4 -- |
| Título |
Medidas -- |
| 505 1# - NOTA DE CONTENIDO CON FORMATO |
| Nota de contenido con formato |
v. 6 : |
| Información miscelánea |
unidad 1 -- |
| Título |
La autovía del Este -- |
| Información miscelánea |
unidad 2 -- |
| Título |
Autopista Duarte -- |
| Información miscelánea |
unidad 3 -- |
| Título |
Autopista Sánchez -- |
| 505 1# - NOTA DE CONTENIDO CON FORMATO |
| Nota de contenido con formato |
v. 7 : |
| Información miscelánea |
unidad 1 -- |
| Título |
Números enteros (Z) -- |
| Información miscelánea |
unidad 2 -- |
| Título |
Números racionales (Q) -- |
| Información miscelánea |
unidad 3 -- |
| Título |
Zonas de vida en la República Dominicana -- |
| Información miscelánea |
unidad 4 -- |
| Título |
Laguna Cabral o Rincón -- |
| 700 1# - PUNTO DE ACCESO ADICIONAL--NOMBRE DE PERSONA |
| Nombre de persona |
Medrano, Francisca Antonia |
| 9 (RLIN) |
31220 |
| 700 1# - PUNTO DE ACCESO ADICIONAL--NOMBRE DE PERSONA |
| Nombre de persona |
Sandoval, Ramón |
| Término indicativo de función/relación |
il. |
| 9 (RLIN) |
10955 |
| 830 #0 - PUNTO DE ACCESO ADICIONAL DE SERIE-TÍTULO UNIFORME |
| Título uniforme |
Sigma |
| 9 (RLIN) |
31222 |